Top Chess Federations in the World (Hint) - Statistics

General Stats
  • This quiz has been taken 31 times
  • The average score is 18 of 20
Answer Stats
Hint Answer % Correct
Ding Liren China
100%
Magnus Carlsen Norway
100%
Ian Nepomniatchi Russia
100%
Gabriel Sargissian Armenia
96%
Shakhriyar Mamedyarov Azerbaijan
96%
Alireza Firouzja France
96%
Viswanathan Anand India
96%
Jan-Krzysztof Duda Poland
96%
Levon Aronian United States
96%
Vincent Keymer Germany
93%
Richard Rapport Hungary
93%
Anton Korobov Ukraine
93%
Anish Giri Netherlands
89%
Francisco Vallejo Pons Spain
89%
Ivan Saric Croatia
86%
Michael Adams England
79%
Boris Gelfand Israel
79%
David Navara Czech Republic
71%
Baadur Jobava Georgia
71%
Sandro Mareco Argentina
43%
No matching quizzes found
Score Distribution
Percent of People with Each Score
Percentile by Number Answered
Your Score History
You have not taken this quiz